| 000 | 00764nam a2200241 4500 | ||
|---|---|---|---|
| 003 | OSt | ||
| 005 | 20260530115312.0 | ||
| 008 | 260421b2000 mx a|||| |||| 00| 0 spa d | ||
| 020 | _a9685374015 | ||
| 040 |
_aICI _bspa _cICI |
||
| 050 | 4 |
_aTA422 _bH87 2000 |
|
| 100 | 1 |
_aHurtado Gomezjurado, Diego _932904 |
|
| 245 | 1 | 0 |
_aTecnología de la Madera _bproceso de manufactura para diseñadores y arquitectos _cDiego Hurtado Gomezjurado |
| 264 | 1 |
_bDesignio _c2000 _aMéxico, D.F. |
|
| 300 |
_a142 páginas _bilustraciones |
||
| 336 |
_atexto _2rdacontent |
||
| 337 |
_asin medio _2rdamedia |
||
| 338 |
_avolumen _2rdacarrier |
||
| 490 | _aColección tecnología | ||
| 650 | 4 |
_a Madera _xPreservación _932905 |
|
| 650 | 4 |
_aÁrboles maderables _932906 |
|
| 942 |
_2ddc _cBK |
||
| 999 |
_c13383 _d13383 |
||